00325 a2200109 4500001000700000020000600007040001100013100002700024240008000051245007500131362000900206168330 a  cMagnum aGarcia, Pedro Benjamim10aO pendulo das ideologias: a educacao popular e o desafio da pos-moder.lpor10aO pendulo das ideologias: a educacao popular e o desafio da pos-moder.0 a1899